00382nam a2200109Ia 4500008004100000100001400041245009100055260003900146300001200185650001500197856006000212160712s9999 xx 000 0 und d aRodriguez cBenjamin C. Sandoval, Rafael A. RodriguezaForeign Diversification of Philippine Firms c2016bPhilippine Management Review avol. 23 xMANAGEMENT uhttp://journals.upd.edu.ph/index.php/pmr/issue/view/540